The Silence of the Lambs Multiple Choice - Statistics

General Stats
  • This quiz has been taken 207 times
  • The average score is 13 of 15
Answer Stats
Question Answer % Correct
What is the nickname for the serial killer that the FBI attempts to track down? Buffalo Bill
94%
Why does the disappearance of the last girl, Catherine Martin, make this case even more important than it already was? Her mother was a US Senator
94%
Where did the killer temporarily imprison the women he abducted before killing them? The bottom of a well in his basement
94%
True or False? The main killer exclusively was hunting down larger women so that he could harvest their skin to make a suit of his own out of it. True
92%
What is discovered to be lodged into the latest victim's throat, a key piece in being able to track down the killer? a Moth
90%
In which city is Hannibal Lecter imprisoned in a hospital for the criminally insane? Baltimore
90%
What does the phrase "the silence of the lambs" best refer to? Childhood trauma in Clarice's head that could be silenced if she were able to save people in need
87%
Which of the below conditions does the killer struggle with? Gender Dysphoria
87%
What did Starling discover in the storage unit of Dr. Lecter's former patient that he encouraged her to investigate? A human head preserved in a jar
85%
Who plays Hannibal Lecter in the film adaptation of the novel? Anthony Hopkins
82%
What does Clarice trade with Dr. Lecter for information about the killer? Personal information about herself
82%
Which of the Seven Deadly Sins best identifies why the killer went on his spree? Envy
81%
According to Crawford, what is the sole weakness of Hannibal Lecter? His ego in which he must always be the smarter person
73%
What is the actual name of the main killer? Jame Gumb
71%
True or False? Hannibal Lecter's escape was due to Starling's negligence as she left a paper clip on the case file she gave him to review. False
63%
No matching quizzes found
Score Distribution
Percent of People with Each Score
Percentile by Number Answered
Your Score History
You have not taken this quiz